000
00347nam a22001577a 4500
003
MPLRDC
005
20220104124552.0
008
210129b ||||| |||| 00| 0 eng d
082
_a
859.6 HZ-4
100
_a
何紫著
245
_a
海边多快乐
_c
260
_a
_b
山边社
_c
1981
300
_b
平
650
_a
942
_c
BK
_o
859.6 HZ-4
999
_c
20381
_d
20371